STABILIZATION OF ECHO VIRUS HAEMAGGLUTININS. II. STABILIZATION WITH ORGANIC COMPOUNDS

Podrobná bibliografia
Hlavní autori: Novysh, E. M. (Autor), Podoplekin, V. D. (Autor)
Médium: Článok
Jazyk:angličtina

MARC

LEADER 00000nab a2200000ua 4500
001 vtls010793691
003 SK-MaSNL
005 20260303182324.0
008 230222s1966 xo |||||||||||||||||eng|
035 |a (urnnbn)urn:nbn:sk:snk:ar-a02as0 
035 |a (uuid)469e41d5-0168-4928-b82f-9c4c9512621b 
035 |a urn:nbn:sk:snk-ab4jg4 
040 |a SNKBUCL  |b slo  |c SNKBUCL  |e AACR2 
041 0 |a eng 
044 |a xo  |c SK 
100 1 |a Novysh, E. M.  |4 aut  |9 1209970 
245 1 0 |a STABILIZATION OF ECHO VIRUS HAEMAGGLUTININS. II. STABILIZATION WITH ORGANIC COMPOUNDS  |c E. M. Novysh, V. D. Podoplekin 
700 1 |a Podoplekin, V. D.  |4 aut  |9 1209971 
773 0 |t Acta virologica  |g Roč. 10, č. 2 (1966), s. 97-103 
958 |a OND 
958 |a EUIPO 
958 |a article3 
999 |c 2116515  |d 2118445